Nghiên cứu chế tạo và ứng dụng bê tông cốt sợi thép cho các công trình thủy lợi ở Đồng bằng sông Cửu Long : Luận văn tốt nghiệp Cao học. Chuyên ngành Kỹ thuật xây dựng công trình thủy

Nghiên cứu chế tạo bê tông cốt sợi thép từ nguồn vật liệu ở khu vực Đồng bằng sông Cửu Long bằng phương pháp thêm khối lượng cốt sợi thay thế đá 1x2 theo khối lượng thể tích vào hỗn hợp bê tông....

ver descrição completa

Na minha lista:
Detalhes bibliográficos
Autor principal: Đinh, Phạm Gia Bảo
Formato: Livro
Idioma:Undetermined
Publicado em: Cần Thơ Trường Đại học Cần Thơ 2019
Assuntos:
Tags: Adicionar Tag
Sem tags, seja o primeiro a adicionar uma tag!
Thư viện lưu trữ: Trung tâm Học liệu Trường Đại học Cần Thơ
LEADER 01226nam a2200217Ia 4500
001 CTU_232094
008 210402s9999 xx 000 0 und d
082 |a 627.52 
082 |b B108 
088 |a 7580202 
100 |a Đinh, Phạm Gia Bảo 
245 0 |a Nghiên cứu chế tạo và ứng dụng bê tông cốt sợi thép cho các công trình thủy lợi ở Đồng bằng sông Cửu Long : 
245 0 |b Luận văn tốt nghiệp Cao học. Chuyên ngành Kỹ thuật xây dựng công trình thủy 
245 0 |c Đinh Phạm Gia Bảo ; Bùi Lê Anh Tuấn (Cán bộ hướng dẫn) 
260 |a Cần Thơ 
260 |b Trường Đại học Cần Thơ 
260 |c 2019 
520 |a Nghiên cứu chế tạo bê tông cốt sợi thép từ nguồn vật liệu ở khu vực Đồng bằng sông Cửu Long bằng phương pháp thêm khối lượng cốt sợi thay thế đá 1x2 theo khối lượng thể tích vào hỗn hợp bê tông. 
650 |a Irrigation,Thủy lợi 
910 |b nthai 
980 |a Trung tâm Học liệu Trường Đại học Cần Thơ